000 01143cam a2200301 a 4500
999 _c535574
_d535574
001 16466848
005 20200917112926.0
008 100920s2009 njua b 001 0 eng
010 _a 2010483814
020 _a978812651555
040 _aDLC
_cDLC
_dDLC
050 0 0 _aQA371
_b.B773 2009
082 _a515.35
_bBOY
100 1 _aBoyce, William E.
_98580
245 1 0 _aElementary differential equations and boundary value problems /
_cWilliam E. Boyce, Richard C. DiPrima.
250 _a9th ed.
260 _aHoboken, NJ :
_bWiley,
_cc2009.
300 _axix, 796 p. :
_bcol. ill. ;
_c27 cm.
504 _aIncludes bibliographical references and index.
650 0 _aDifferential equations.
_9688
650 0 _aBoundary value problems.
_9689
700 1 _aDiPrima, Richard C.
_98581
856 4 2 _3Publisher description
_uhttp://www.loc.gov/catdir/enhancements/fy1101/2010483814-d.html
856 4 1 _3Table of contents only
_uhttp://www.loc.gov/catdir/enhancements/fy1101/2010483814-t.html
906 _a7
_bcbc
_corigcop
_d2
_eepcn
_f20
_gy-gencatlg
942 _2ddc
_cBK